00518nam a2200169 a 4500008004100000020001500041050001500056100001500071245009400086260002800180300002200208350000900230490003500239650001100274650004600285700001700331120416s1997 ||||||||||||||||| || u a1856495191 aTP 360 Bio aHall, D. O10aBiomass energy policy in Africa: selected case studiescedited by D. L. Kgathi and others aLondonbZed Booksc1997 axvi, 234 p. :ill. a0.00 aAfrican energy policy research aENERGY aBIOMASS ENERGY--GOVERNMENT POLICY--AFRICA aKgathi, D. L